| 000 | 01468ngm a2200241 a 4500 | ||
|---|---|---|---|
| 005 | 20240912063812.0 | ||
| 008 | 070125s2000 mx 052 aaspa d | ||
| 035 | _aUPN01000148874 | ||
| 049 | _aAV | ||
| 050 | 4 | _aDVD QP 54 | |
| 245 | 0 | 3 |
_aLa guía máxima : _bcuerpo humano _h[DVD] / _cdir. Luke Campbell. |
| 260 |
_a[E.U.A.] : _bDiscovery Channel, _cc2000. |
||
| 300 |
_a1 DVD (52 min.) : _bson., col. ; _c4 3/4 plg. |
||
| 500 | _aCaracterísticas especiales: Idiomas español e inglés, menús interactivos, avances | ||
| 520 | _aConozca a detalle y de manera única el complejo y misterioso funcionamiento del cuerpo humano, a través de este documental que muestra la sorprendente forma en que trabaja el esqueleto, las manos, el cerebro, el olfato, la vista y la piel. También podrá aprender cómo operan funciones complejas como el equilibrio y la relación que mantiene nuestro cuerpo con agentes externos capaces de generar reacciones químicas que provocan placer y hasta curan depresiones. En bebés, adultos, hombres y mujeres, el cuerpo realiza minuto tras minuto asombrosas proezas que son presentadas con precisión mediante animaciones computarizadas y fotografías | ||
| 533 | _aRegión 1 y 4 | ||
| 534 |
_pTítulo original: _tThe ultimate guide : human body |
||
| 650 | 2 |
_aCuerpo humano _99138 |
|
| 650 | 2 |
_aAnatomía humana _9582 |
|
| 650 | 4 |
_aDOCUMENTALES POR TELEVISION _95921 |
|
| 700 | 1 |
_aCampbell, Luke, _edir. |
|
| 905 | _aAudiovisuales | ||
| 999 |
_c121015 _d121015 |
||